{"text_format":"1","workbook":"xls","n_sheets":1,"sheets":["İş Gezisi Bütçesi"],"not_rendered":{"charts":0,"images":0,"macros":0,"external_links":1,"defined_names":1,"comments":0,"pivot_tables":0},"unopened":[],"bounds":{"document_bytes":16777216,"sheet_cells":100000,"rows_first":2000,"rows_last":500,"rows_between":2000,"halvings":0,"cell_chars":16384,"cell_head_chars":4096},"cells_cut":0,"cells_raw":0,"read":"whole","date_system":"1900","formulas":"cached_only"}

{"sheet":"İş Gezisi Bütçesi","index":0,"n_rows":19,"n_cols":8,"rows_kept":19,"cut":false,"hidden":false,"merged":[[0,0,1,7]],"flags":["formulas_cached_only"]}
["İş Gezisi Bütçesi"]
[]
[]
[null,"Hedef gezi bütçesi",1900]
[null,null,null,null,null,null,null,"  Toplam"]
[null,"Uçak bileti ücreti","Bilet ücretleri toplamı",200,"Adet",1,"bilet",200]
[null,null,"\"",275,"Adet",1,"bilet",275]
[null,null,"\"",0,"Adet",0,"bilet",0]
[null,"Otel","Gece başı konaklama",75,"Adet",3,"gece",225]
[null,null,"\"",82,"Adet",3,"gece",246]
[null,null,"\"",0,"Adet",0,"gece",0]
[null,"Yemek","Günlük maliyet",48,"Adet",6,"gün",288]
[null,"Araç kiralama","Günlük maliyet",52,"Adet",6,"gün",312]
[null,"Yakıt","Litre fiyatı",1.74,"Adet",14,"litre",24.36]
[null,"Eğlence","Miktar",130,null,null,null,130]
[null,"Hediyeler","Miktar",85,null,null,null,85]
[null,"Çeşitli","Miktar",55,null,null,null,55]
[null,null,null,null,"Toplam gezi maliyeti",null,null,1840.36]
[null,null,null,null,"Bütçenin altındaki maliyet",null,null,59.6400000000001]